000 00673nam a22001937a 4500
003 OSt
005 20220216155135.0
008 220216b |||||||| |||| 00| 0 eng d
040 _aSEKU
050 _aTD 353
_b. M86
100 _aMunyao, Joseph Musyoka
245 _awater pollution in riparian community: the case of river Athi in Makueni county, Kenya/
_bA research thesis submitted in partial fulfillment of the requirements for the deegre of master of science in environmental management of south Eastern Kenya University:
300 _a94P.:,
504 _aIncludes references
650 _xwater
650 _vpollution
650 _ypeople
942 _2lcc
_cTHE
999 _c18137
_d18137